000 00466cam6a220018100 4500
001 tmp15936203
003 UPRA
005 20190821141941.0
008 951114s1937 xx eng u
035 _a(Sirsi) r49138
035 _a(UPRA)tmp15936203
040 _cUPRA
100 1 _aMacKenzie, Kenneth Seaforth.
_6A7153.1
245 1 4 _aThe young desire it.
260 _c1937.
949 _aPR9619.3.M3
_wlcc
_i-61158
_mMAIN
_p2500
_tBOOK
_lON-SHELF
004 49138
999 _c118223
_d118223